[Event "Euskadi-chT"]
[Site "Bergara"]
[Date "2010.01.09"]
[Round "1"]
[White "Lozoya Rodriguez, Alberto"]
[Black "Gallego Eraso, Patxi"]
[Result "0-1"]
[WhiteElo "2221"]
[BlackElo "2368"]
[PlyCount "66"]
[EventDate "2010.01.09"]
[EventType "team-tourn"]
[EventRounds "9"]
[EventCountry "ESP"]
[SourceTitle "EXT 2011"]
[Source "ChessBase"]
[SourceDate "2010.11.26"]
[SourceVersion "1"]
[SourceVersionDate "2010.11.26"]
[SourceQuality "1"]

1. Nf3 c5 2. g3 Nc6 3. c4 g6 4. Nc3 Bg7 5. Bg2 e6 6. 0-0 Nge7 7. d4 Nxd4 8. Nxd4 cxd4 9. Nb5 Nf5 10. g4 a6 11. Qa4 axb5 12. Qxa8 Nh4 13. Bxb7 Bxb7 14. Qxb7 bxc4 15. Qb4 h5 16. g5 Qc7 17. Bd2 Be5 18. Rac1 Qc6 19. f3 d5 20. Be1 Nf5 21. Bf2 Bd6 22. Qd2 0-0 23. Kh1 e5 24. b3 Rc8 25. f4 c3 26. Qd1 Qe8 27. Qd3 e4 28. Qa6 Bxf4 29. Bxd4 Nxd4 30. Rxf4 Ra8 31. Qb7 Nxe2 32. Rcf1 Nxf4 33. Rxf4 Qd8 0-1

[Event "San Sebastian 4 Nations 4th"]
[Site "San Sebastian"]
[Date "2006.12.03"]
[Round "3"]
[White "Saldano Dayer, Horacio"]
[Black "Gallego Eraso, Patxi"]
[Result "1/2-1/2"]
[WhiteElo "2420"]
[BlackElo "2378"]
[PlyCount "43"]
[EventDate "2006.12.02"]
[EventType "team-match"]
[EventRounds "3"]
[EventCountry "ESP"]
[SourceTitle "EXT 2014"]
[Source "ChessBase"]
[SourceDate "2013.11.20"]
[SourceVersion "1"]
[SourceVersionDate "2013.11.20"]
[SourceQuality "1"]

1. e4 e6 2. d4 c5 3. Nf3 cxd4 4. Nxd4 Nf6 5. Nc3 Nc6 6. Ndb5 d6 7. Bf4 e5 8. Bg5 a6 9. Na3 b5 10. Bxf6 gxf6 11. Nd5 f5 12. c3 fxe4 13. Bxb5 axb5 14. Nxb5 Be6 15. Nbc7+ Kd7 16. Nxa8 Bxd5 17. Qxd5 Qxa8 18. Qxf7+ Ne7 19. 0-0-0 Rg8 20. Qxh7 Qxa2 21. Qxe4 Bh6+ 22. Kc2 1/2-1/2

[Event "Gibraltar Masters"]
[Site "Caleta"]
[Date "2005.02.03"]
[Round "10"]
[White "Carame Gonzalez, Francisco"]
[Black "Gallego Eraso, Patxi"]
[Result "1/2-1/2"]
[WhiteElo "2008"]
[BlackElo "2376"]
[PlyCount "20"]
[EventDate "2005.01.25"]
[EventType "swiss"]
[EventRounds "10"]
[EventCountry "GGB"]
[SourceTitle "CBM 104 Extra"]
[Source "ChessBase"]
[SourceDate "2005.03.01"]
[SourceVersion "1"]
[SourceVersionDate "2005.03.01"]
[SourceQuality "1"]

1. e4 c5 2. Nf3 d6 3. d4 cxd4 4. Nxd4 Nf6 5. Nc3 e6 6. Be2 Be7 7. 0-0 0-0 8. f4 Nc6 9. Be3 a6 10. Kh1 Nxd4 1/2-1/2

[Event "Gibraltar Masters"]
[Site "Caleta"]
[Date "2005.01.27"]
[Round "3"]
[White "Gallego Eraso, Patxi"]
[Black "Van Eijk, Sander"]
[Result "0-1"]
[WhiteElo "2376"]
[BlackElo "2216"]
[PlyCount "84"]
[EventDate "2005.01.25"]
[EventType "swiss"]
[EventRounds "10"]
[EventCountry "GGB"]
[SourceTitle "CBM 104 Extra"]
[Source "ChessBase"]
[SourceDate "2005.03.01"]
[SourceVersion "1"]
[SourceVersionDate "2005.03.01"]
[SourceQuality "1"]

1. e4 c5 2. Nf3 Nc6 3. Bc4 e6 4. 0-0 a6 5. d4 b5 6. Be2 cxd4 7. Nxd4 Qb6 8. Nxc6 dxc6 9. Be3 Qc7 10. Nd2 Nf6 11. c4 Be7 12. Rc1 Qb7 13. e5 Nd7 14. f4 f5 15. a3 Nb6 16. b4 0-0 17. Bf3 Bd7 18. Kh1 Rac8 19. Nb3 Nxc4 20. Bc5 Be8 21. a4 Bxc5 22. Nxc5 Qe7 23. Qe2 a5 24. axb5 cxb5 25. Rfd1 Bc6 26. Bxc6 Rxc6 27. Rd7 Qe8 28. Rcd1 axb4 29. Qf3 Rxc5 30. Qb7 Qg6 31. Rd8 Qf7 32. R8d7 Qg6 33. Rd8 Rd5 34. R1xd5 exd5 35. Qxd5+ Qf7 36. e6 Qe7 37. Rd7 Nb6 38. Rxe7 Nxd5 39. Rd7 Nc3 40. Rc7 Re8 41. Rc6 b3 42. h3 b2 0-1

[Event "ESP-chT fin"]
[Site "Sanxenxo"]
[Date "2003.11.20"]
[Round "4"]
[White "Visier Segovia, Fernando"]
[Black "Gallego Eraso, Patxi"]
[Result "1/2-1/2"]
[WhiteElo "2265"]
[BlackElo "2373"]
[PlyCount "55"]
[EventDate "2003.11.17"]
[EventType "team"]
[EventRounds "6"]
[EventCountry "ESP"]
[SourceTitle "CBM 097 Extra"]
[Source "ChessBase"]
[SourceDate "2004.01.13"]
[SourceVersion "1"]
[SourceVersionDate "2004.01.13"]
[SourceQuality "1"]

1. Nf3 Nf6 2. c4 e6 3. g3 b6 4. Bg2 Bb7 5. 0-0 c5 6. b3 Be7 7. Bb2 0-0 8. Nc3 d5 9. e3 dxc4 10. bxc4 Nc6 11. d3 Qc7 12. Qe2 Rac8 13. Rfd1 Qb8 14. Ne1 Nb4 15. Bxb7 Qxb7 16. f4 Nd7 17. Nf3 Rfd8 18. a3 Nc6 19. g4 a6 20. Rab1 Rb8 21. g5 b5 22. Ba1 Na7 23. Ne4 Qa8 24. Ne5 bxc4 25. Rxb8 Qxb8 26. Nxc4 Nc6 27. Qb2 Qxb2 28. Bxb2 1/2-1/2

[Event "ESP-chT fin"]
[Site "Sanxenxo"]
[Date "2003.11.18"]
[Round "2"]
[White "Rodriguez Amezqueta, Carlos"]
[Black "Gallego Eraso, Patxi"]
[Result "0-1"]
[WhiteElo "2056"]
[BlackElo "2373"]
[PlyCount "96"]
[EventDate "2003.11.17"]
[EventType "team"]
[EventRounds "6"]
[EventCountry "ESP"]
[SourceTitle "CBM 097 Extra"]
[Source "ChessBase"]
[SourceDate "2004.01.13"]
[SourceVersion "1"]
[SourceVersionDate "2004.01.13"]
[SourceQuality "1"]

1. d4 Nf6 2. Bg5 e6 3. e3 c5 4. c3 Be7 5. Nd2 b6 6. Ngf3 0-0 7. Bd3 Nc6 8. 0-0 Bb7 9. Qe2 cxd4 10. Bxf6 Bxf6 11. exd4 d6 12. Ne4 Be7 13. Rfe1 Re8 14. Rad1 Nb8 15. Qc2 Ba6 16. Bxa6 Nxa6 17. Ned2 Nc7 18. Nc4 Nd5 19. g3 Qd7 20. Ne3 Nf6 21. Qe2 Bf8 22. Nf1 b5 23. N1d2 Qc6 24. Ng5 h6 25. Nge4 Nh7 26. f4 g6 27. Qg2 Rac8 28. Nf2 Qb6 29. g4 Bg7 30. f5 b4 31. fxg6 fxg6 32. Nde4 bxc3 33. bxc3 Qc6 34. Qg3 e5 35. Qd3 d5 36. Nc5 e4 37. Qg3 Ng5 38. Kh1 Ne6 39. Nxe6 Rxe6 40. Rc1 Rf8 41. Nh3 Rf3 42. Qg2 Rxc3 43. Qd2 Rxc1 44. Rxc1 e3 45. Qb2 Qb6 46. Qc2 Re4 47. Qc8+ Kh7 48. Rc6 e2 0-1

[Event "ESP-chT fin"]
[Site "Sanxenxo"]
[Date "2003.11.17"]
[Round "1"]
[White "Gallego Eraso, Patxi"]
[Black "Pons Morro, Mateo Andres"]
[Result "1/2-1/2"]
[WhiteElo "2373"]
[BlackElo "2198"]
[PlyCount "57"]
[EventDate "2003.11.17"]
[EventType "team"]
[EventRounds "6"]
[EventCountry "ESP"]
[SourceTitle "CBM 097 Extra"]
[Source "ChessBase"]
[SourceDate "2004.01.13"]
[SourceVersion "1"]
[SourceVersionDate "2004.01.13"]
[SourceQuality "1"]

1. d4 d5 2. c4 e6 3. Nf3 Nf6 4. g3 Be7 5. Bg2 0-0 6. 0-0 b6 7. Nc3 Bb7 8. Ne5 Nbd7 9. Bg5 c6 10. cxd5 cxd5 11. Nd3 a6 12. Rc1 Rc8 13. Rc2 Rc4 14. e3 Qc7 15. Qb1 Rc8 16. Rfc1 Bd6 17. Bf4 Bxf4 18. Nxf4 Qd6 19. Nd3 R4c7 20. a3 h6 21. Na2 Kf8 22. Rxc7 Rxc7 23. Rxc7 Qxc7 24. Nc3 Ne8 25. Nb4 Nd6 26. Bf1 Qc8 27. Qc1 a5 28. Nba2 Ba6 29. b3 1/2-1/2

[Event "Andorra op 21st"]
[Site "Andorra"]
[Date "2003.07.13"]
[Round "9"]
[White "Zapletal, Jiri"]
[Black "Gallego Eraso, Patxi"]
[Result "1/2-1/2"]
[WhiteElo "2195"]
[BlackElo "2385"]
[PlyCount "31"]
[EventDate "2003.07.05"]
[EventType "swiss"]
[EventRounds "9"]
[EventCountry "AND"]
[SourceTitle "CBM 095 Extra"]
[Source "ChessBase"]
[SourceDate "2003.09.04"]
[SourceVersion "1"]
[SourceVersionDate "2003.09.04"]
[SourceQuality "1"]

1. d4 Nf6 2. Nf3 d6 3. Nc3 g6 4. e4 Bg7 5. Be2 0-0 6. 0-0 c6 7. h3 b5 8. a3 Nfd7 9. Be3 a6 10. Qd2 Re8 11. Rad1 Nb6 12. Bh6 Bh8 13. Nh2 N8d7 14. f4 c5 15. dxc5 dxc5 16. e5 1/2-1/2

[Event "Andorra op 21st"]
[Site "Andorra"]
[Date "2003.07.11"]
[Round "7"]
[White "Aloma Vidal, Roberto"]
[Black "Gallego Eraso, Patxi"]
[Result "1/2-1/2"]
[WhiteElo "2153"]
[BlackElo "2385"]
[PlyCount "98"]
[EventDate "2003.07.05"]
[EventType "swiss"]
[EventRounds "9"]
[EventCountry "AND"]
[SourceTitle "CBM 095 Extra"]
[Source "ChessBase"]
[SourceDate "2003.09.04"]
[SourceVersion "1"]
[SourceVersionDate "2003.09.04"]
[SourceQuality "1"]

1. d4 Nf6 2. c4 e6 3. Nc3 Bb4 4. e3 Bxc3+ 5. bxc3 0-0 6. Bd3 d6 7. e4 Ne8 8. Ne2 b6 9. 0-0 Nc6 10. Be3 Ba6 11. Nc1 Na5 12. Qe2 c5 13. Nb3 Nc6 14. a3 Rc8 15. f4 f5 16. exf5 exf5 17. d5 Na5 18. Nxa5 bxa5 19. Qc2 g6 20. Bf2 Qd7 21. Rae1 Ng7 22. Re2 Rce8 23. Rfe1 Kf7 24. Bh4 Rxe2 25. Rxe2 Re8 26. Rxe8 Qxe8 27. Kf2 Qd7 28. h3 Bc8 29. Qb3 Qc7 30. Qb5 Bd7 31. Qb1 Ba4 32. Bg5 Qc8 33. Kf3 Ne8 34. Qe1 Qd7 35. g4 Ng7 36. Bh6 Qe8 37. Qb1 Qc8 38. Bxg7 fxg4+ 39. hxg4 Kxg7 40. f5 Bd7 41. fxg6 Bxg4+ 42. Kg3 Bh5 43. gxh7 Qg4+ 44. Kf2 Qf3+ 45. Ke1 Qe3+ 46. Kf1 Qh3+ 47. Ke1 Qe3+ 48. Kf1 Qf3+ 49. Ke1 Qe3+ 1/2-1/2

[Event "Andorra op 21st"]
[Site "Andorra"]
[Date "2003.07.10"]
[Round "6"]
[White "Gallego Eraso, Patxi"]
[Black "Berning, Boris"]
[Result "1-0"]
[WhiteElo "2385"]
[BlackElo "2165"]
[PlyCount "65"]
[EventDate "2003.07.05"]
[EventType "swiss"]
[EventRounds "9"]
[EventCountry "AND"]
[SourceTitle "CBM 095 Extra"]
[Source "ChessBase"]
[SourceDate "2003.09.04"]
[SourceVersion "1"]
[SourceVersionDate "2003.09.04"]
[SourceQuality "1"]

1. d4 Nf6 2. c4 d6 3. Nc3 Nbd7 4. e4 e5 5. d5 Be7 6. Be3 a5 7. h3 0-0 8. Nf3 Ne8 9. g4 g6 10. Rg1 Kh8 11. Bh6 Rg8 12. h4 Nc5 13. Ng5 Bxg5 14. hxg5 f5 15. gxf6 Qxf6 16. Be3 Qh4 17. Be2 Rf8 18. Kd2 Bd7 19. Rh1 Qe7 20. Qg1 c6 21. Qg2 Rf7 22. Rh6 Rb8 23. Rah1 Rg7 24. Kc1 Nc7 25. f4 b5 26. fxe5 dxe5 27. d6 Qxd6 28. Qh2 Nd3+ 29. Bxd3 Qxd3 30. Rxh7+ Kg8 31. Rh8+ Kf7 32. Qf2+ Ke6 33. Rxb8 1-0

[Event "Andorra op 21st"]
[Site "Andorra"]
[Date "2003.07.09"]
[Round "5"]
[White "Amigo Villalta, Jordi"]
[Black "Gallego Eraso, Patxi"]
[Result "0-1"]
[WhiteElo "2130"]
[BlackElo "2385"]
[PlyCount "68"]
[EventDate "2003.07.05"]
[EventType "swiss"]
[EventRounds "9"]
[EventCountry "AND"]
[SourceTitle "CBM 095 Extra"]
[Source "ChessBase"]
[SourceDate "2003.09.04"]
[SourceVersion "1"]
[SourceVersionDate "2003.09.04"]
[SourceQuality "1"]

1. d4 Nf6 2. c4 e6 3. Nc3 Bb4 4. e3 0-0 5. Nge2 Re8 6. a3 Bf8 7. d5 d6 8. Ng3 g6 9. Be2 Bg7 10. 0-0 Nbd7 11. e4 e5 12. h4 h5 13. Bg5 Nf8 14. Qd2 N8h7 15. Rfd1 Nxg5 16. Qxg5 Kh7 17. Nf1 Bh6 18. Qg3 Rg8 19. Qd3 Ng4 20. g3 f5 21. Bxg4 fxg4 22. Kg2 Rf8 23. Nh2 g5 24. hxg5 Qxg5 25. Rh1 h4 26. gxh4 Qxh4 27. Qg3 Qh3+ 28. Kg1 Qxg3+ 29. fxg3 Be3+ 30. Kg2 Rf2+ 31. Kg1 Rxb2+ 32. Kf1 Kg7 33. Nd1 Rb3 34. Nf2 Bd4 0-1

[Event "Euskadi-chTB"]
[Site "Euskadi"]
[Date "2001.01.20"]
[Round "6"]
[White "Gallego Eraso, Patxi"]
[Black "Alonso Arburu, Juan Ignacio"]
[Result "1-0"]
[WhiteElo "2380"]
[BlackElo "2310"]
[PlyCount "43"]
[EventDate "2000.11.18"]
[EventType "team"]
[EventRounds "9"]
[EventCountry "ESP"]
[SourceTitle "EXT 2006"]
[Source "ChessBase"]
[SourceDate "2005.11.24"]
[SourceVersion "1"]
[SourceVersionDate "2005.11.24"]
[SourceQuality "1"]

1. d4 Nf6 2. c4 e5 3. dxe5 Ng4 4. Bf4 Nc6 5. Nf3 Bb4+ 6. Nc3 Qe7 7. Qd5 Bxc3+ 8. bxc3 Qa3 9. Rc1 d6 10. exd6 Be6 11. Qd2 0-0-0 12. e3 Na5 13. Qc2 cxd6 14. Nd4 Bxc4 15. Bxc4 Nxc4 16. 0-0 Nge5 17. Rb1 Rd7 18. Rb4 a6 19. Rfb1 Qa5 20. Bxe5 Na3 21. Qf5 Nxb1 22. Rc4+ 1-0

[Event "Euskadi-chT"]
[Site "Euskadi"]
[Date "1996.??.??"]
[Round "?"]
[White "Cruz Lopez Claret, Carlos"]
[Black "Gallego Eraso, Patxi"]
[Result "1/2-1/2"]
[WhiteElo "2315"]
[BlackElo "2390"]
[PlyCount "124"]
[EventDate "1996.??.??"]
[EventType "team"]
[EventRounds "7"]
[EventCountry "ESP"]
[SourceTitle "EXT 2001"]
[Source "ChessBase"]
[SourceDate "2000.11.22"]
[SourceVersion "1"]
[SourceVersionDate "2000.11.22"]
[SourceQuality "1"]

1. d4 Nf6 2. c4 e6 3. Nc3 Bb4 4. e3 c5 5. Nge2 b6 6. a3 Ba5 7. Bd2 0-0 8. d5 Ba6 9. Rb1 Qe7 10. Ng3 exd5 11. b4 dxc4 12. bxa5 d5 13. axb6 axb6 14. Rxb6 Nbd7 15. Rb1 d4 16. Nb5 Ne5 17. Be2 c3 18. Bc1 d3 19. Bxd3 Rfd8 20. 0-0 Nxd3 21. Qc2 Nb4 22. Qe2 c2 23. Rb2 Nd3 24. a4 Nxb2 25. Bxb2 Bxb5 26. axb5 Rab8 27. h3 Qe6 28. Rc1 Ne4 29. Nxe4 Qxe4 30. Rxc2 Rxb5 31. Ba3 Ra5 32. Bxc5 Rc8 33. Qd2 Ra1+ 34. Kh2 h6 35. Rc3 Qe5+ 36. f4 Qe6 37. Bd4 Rca8 38. Rc2 R1a2 39. Qc3 Rxc2 40. Qxc2 Ra2 41. Qc7 Kh7 42. Qb7 Qg6 43. Qd5 Rc2 44. Qf3 f5 45. Be5 Qc6 46. Qg3 Qg6 47. Qf3 h5 48. Bd4 h4 49. Kg1 Kh6 50. Kh2 Qc6 51. Qxc6+ Rxc6 52. Kg1 Rc2 53. Kf1 Kg6 54. Bb6 Rd2 55. Ba5 Ra2 56. Bd8 Kh5 57. Be7 Ra8 58. Kf2 Rh8 59. Kf3 Kg6 60. Bg5 Kf7 61. e4 Ke6 62. e5 Kd5 1/2-1/2

[Event "Euskadi-Georgia"]
[Site "Euskadi"]
[Date "1991.??.??"]
[Round "?"]
[White "Janjgava, Lasha"]
[Black "Gallego Eraso, Patxi"]
[Result "1-0"]
[WhiteElo "2495"]
[BlackElo "2395"]
[PlyCount "97"]
[EventDate "1991.??.??"]
[EventType "schev"]
[EventRounds "5"]
[EventCountry "ESP"]
[SourceTitle "EXT 1997"]
[Source "ChessBase"]
[SourceDate "1996.11.15"]
[SourceVersion "1"]
[SourceVersionDate "1996.11.15"]
[SourceQuality "1"]

1. d4 Nf6 2. c4 e6 3. Nc3 Bb4 4. Qc2 0-0 5. a3 Bxc3+ 6. Qxc3 b6 7. Bg5 Bb7 8. f3 d5 9. e3 Nbd7 10. Nh3 c5 11. cxd5 exd5 12. Bd3 h6 13. Bh4 Qe7 14. Bf5 Rad8 15. 0-0 Rfe8 16. Rfe1 Bc8 17. Nf2 Nf8 18. Bc2 Ng6 19. Bxg6 fxg6 20. Rac1 cxd4 21. Qxd4 Be6 22. Rc6 g5 23. Bg3 Rc8 24. Rec1 Rxc6 25. Rxc6 Rc8 26. Rxc8+ Bxc8 27. Nd3 Be6 28. h3 Nd7 29. Be5 Qf7 30. Nb4 Nf8 31. Qc3 Ng6 32. Qc7 Qxc7 33. Bxc7 Ne7 34. Kf2 Kf7 35. Bd6 a5 36. Nd3 Nc6 37. a4 Na7 38. Be5 Bd7 39. Bb8 Nc6 40. Bc7 d4 41. exd4 Ke6 42. Bxb6 Kd5 43. Ke3 Bf5 44. g4 Bh7 45. Bc5 Kc4 46. Nf2 g6 47. Ne4 Bg8 48. Nd2+ Kd5 49. b3 1-0

[Event "ESP-chT"]
[Site "Spain"]
[Date "1990.??.??"]
[Round "?"]
[White "Gallego Eraso, Patxi"]
[Black "Bellon Lopez, Juan Manuel"]
[Result "0-1"]
[WhiteElo "2410"]
[BlackElo "2445"]
[PlyCount "120"]
[EventDate "1990.??.??"]
[EventType "team"]
[EventRounds "9"]
[EventCountry "ESP"]
[SourceTitle "EXT 1997"]
[Source "ChessBase"]
[SourceDate "1996.11.15"]
[SourceVersion "1"]
[SourceVersionDate "1996.11.15"]
[SourceQuality "1"]

1. e4 d5 2. exd5 Nf6 3. Bb5+ Bd7 4. Bc4 b5 5. Be2 Nxd5 6. d4 g6 7. Nd2 Bc6 8. Nb3 Bg7 9. Na5 0-0 10. Nf3 Be8 11. 0-0 c6 12. Bd2 Qc7 13. Re1 Nd7 14. c4 bxc4 15. Bxc4 N7b6 16. Ba6 Rb8 17. Rc1 Nc8 18. Bc4 e6 19. Bb3 Nce7 20. Ne5 Rb5 21. Nac4 Nf5 22. Ba4 Rb7 23. Ba5 Qe7 24. Nxc6 Qh4 25. b3 Bxc6 26. Bxc6 Bxd4 27. Qf3 Rbb8 28. Rcd1 Nf6 29. Bc7 Ng4 30. Re4 Qxf2+ 31. Qxf2 Bxf2+ 32. Kf1 Nfe3+ 33. Nxe3 Nxe3+ 34. Rxe3 Bxe3 35. Bxb8 Rxb8 36. Ke2 Bc5 37. Rc1 Bd6 38. h3 Kg7 39. Bf3 Kf6 40. Rc6 Ke7 41. Kd3 f5 42. Ra6 Bc5 43. Rc6 Bg1 44. Rc7+ Kf6 45. Rxh7 Rd8+ 46. Ke2 e5 47. Bb7 Bb6 48. Ba6 Rd4 49. g3 Re4+ 50. Kf1 Re3 51. Kg2 Rc3 52. Bc4 Rc2+ 53. Kh1 e4 54. a4 Bf2 55. a5 Bxg3 56. Rxa7 f4 57. Ra6+ Kf5 58. Rc6 Rh2+ 59. Kg1 f3 60. h4 Rg2+ 0-1

[Event "Val Thorens op"]
[Site "Val Thorens"]
[Date "1990.??.??"]
[Round "1"]
[White "Gallego Eraso, Patxi"]
[Black "Lupu, Mircea Sergiu"]
[Result "0-1"]
[WhiteElo "2410"]
[BlackElo "2440"]
[PlyCount "98"]
[EventDate "1990.??.??"]
[EventType "swiss"]
[EventRounds "9"]
[EventCountry "FRA"]
[SourceTitle "EXT 1999"]
[Source "ChessBase"]
[SourceDate "1998.11.16"]
[SourceVersion "1"]
[SourceVersionDate "1998.11.16"]
[SourceQuality "1"]

1. e4 c5 2. Nf3 e6 3. d4 cxd4 4. c3 d5 5. exd5 Qxd5 6. Qxd4 Nf6 7. Bc4 Qxd4 8. Nxd4 a6 9. 0-0 Bd7 10. Re1 Nc6 11. Bf4 Be7 12. Nb3 0-0 13. N1d2 Rac8 14. Rad1 Rfd8 15. Nf3 b5 16. Bf1 Nd5 17. Bg5 f6 18. Bc1 Kf7 19. g3 g5 20. Bg2 Nb6 21. Nbd2 g4 22. Nh4 f5 23. Nf1 Bf6 24. Re2 h5 25. f4 Na4 26. Rde1 Ne7 27. Ne3 Bc6 28. Bxc6 Rxc6 29. Nhg2 a5 30. Nc2 Nd5 31. Nd4 Bxd4+ 32. cxd4 Nb4 33. Bd2 Nd3 34. Rb1 b4 35. a3 Rxd4 36. axb4 axb4 37. Ne1 Naxb2 38. Be3 Re4 39. Kf1 Nxe1 40. Kxe1 Na4 41. Bd2 Rxe2+ 42. Kxe2 Nc3+ 43. Bxc3 Rxc3 44. Kd2 Rf3 45. Rh1 b3 46. Kc1 Rf2 47. h3 Rg2 48. hxg4 hxg4 49. Rh7+ Kg6 0-1